|
|
|
|
| LEADER |
01562nam a22003374a 4500 |
| 001 |
35705 |
| 003 |
BD-DhAAL |
| 005 |
20211129155318.0 |
| 008 |
190922t2005 enka b 001 0 eng |
| 999 |
|
|
|c 41354
|d 41354
|
| 010 |
|
|
|a 2005924502
|
| 020 |
|
|
|a 1412911680
|
| 020 |
|
|
|a 1412911699 (pbk.)
|
| 020 |
|
|
|a 9781412911696
|
| 040 |
|
|
|a DLC
|c DLC
|d DLC
|d BD-DhAAL
|
| 050 |
0 |
0 |
|a QA461
|b .D48 2005
|
| 082 |
0 |
0 |
|a 516
|2 22
|
| 245 |
0 |
0 |
|a Developing thinking in geometry /
|c edited by Sue Johnston-Wilder and John Mason.
|
| 260 |
|
|
|a London ;
|a Thousand Oaks, CA :
|b Open University in association with Paul Chapman Pub., /
|c c2005.
|
| 300 |
|
|
|a xii, 270 pages :
|b illustrations ;
|c 24 cm. +
|e 1 CD-ROM (4 3/4 in.)
|
| 504 |
|
|
|a Includes bibliographical references (p. [258]-260) and index.
|
| 526 |
|
|
|a BIED
|
| 541 |
|
|
|a Complimentary copy from BIED
|e 35705
|
| 650 |
|
0 |
|a Geometry
|x Study and teaching.
|9 35072
|
| 650 |
|
0 |
|a Symmetry (Mathematics)
|x Study and teaching.
|9 35073
|
| 700 |
1 |
|
|a Johnston-Wilder, Sue.
|9 35074
|
| 700 |
1 |
|
|a Mason, John,
|d 1944-
|9 35075
|
| 852 |
|
|
|a Ayesha Abed Library
|c BIED Collection
|
| 942 |
|
|
|2 ddc
|c BK
|
| 952 |
|
|
|0 0
|1 0
|2 ddc
|4 0
|6 516_000000000000000_DEV
|7 0
|9 66459
|a BRACUL
|b BRACUL
|c GEN
|d 2019-09-22
|e Complimentary copy from BIED
|l 1
|m 1
|o 516 DEV
|p 3010035705
|q 2026-09-02
|r 2026-01-06
|s 2026-01-06
|t 1
|w 2019-09-22
|y BK
|x Transferred from BIED to General Stacks
|
| 952 |
|
|
|0 0
|1 0
|2 ddc
|4 0
|6 516_000000000000000_DEV
|7 0
|9 66460
|a BRACUL
|b BRACUL
|c AV
|d 2019-09-22
|e Complimentary copy from BIED
|l 0
|o 516 DEV
|p 4010035705
|r 2019-09-22
|t 1
|w 2019-09-22
|y AV
|x BIED-2922
|